Culture Générale - Série 2634 - Statistiques

Statistiques générales
  • Ce quiz a été pris 96 fois
  • Le résultat moyen est 4 sur 10
Statistiques - réponses
Question Réponse % Correct
Quel était le prénom de l'architecte Eiffel ? Gustave
94%
Quel mot d'origine germanique, signifiant "éclair" est utilisé dans une partie d' échecs, à cadence rapide ? blitz
69%
Quelle puissance Rome a-t-elle combattue lors des guerres puniques ? Carthage
55%
Dans quel pays se trouve le parc national du Serengeti ? Tanzanie
45%
Qu'est-ce que le "shinkansen" au Japon train
44%
Dans quelle pays se trouve Binche, célèbre pour son carnaval ? Belgique
36%
Dans quel pays peut-on skier l'hiver sur le mont Kosciuszko ? Australie
20%
Quelle petite fleur tire son nom d'un mot grec signifiant "oreille de souris" ? myosotis
14%
Comment s'appelle le chien des Bidochon ? Kador
7%
Peintre et sculpteur colombien, né en 1932, réputé pour ses personnages aux formes rondes et voluptueuses inspirés de l'art précolombien - prénom et nom Fernando Botero
6%
Aucun quiz correspondant
Distribution des résultats
% des personnes avec chaque résultat
Percentile par nombre de réponses
Votre historique - résultats
Vous n’avez pas pris ce quiz